000 00415nam a2200133 4500
999 _c512390
_d512390
008 191121b ||||| |||| 00| 0 eng d
100 _aChattopadhyay, Suchetana
_913605
245 _aTowards communism: 1917 and the Muhajirs from India Adfrift in Central Asia
260 _bSocial Scientist
300 _a47(7-8), Jul-Aug, 2019: p.3-30.
773 _aSocial Scientist
906 _aCommunism
942 _2ddc
_cAR